| 000 | 01078nam a22002537a 4500 | ||
|---|---|---|---|
| 003 | OSt | ||
| 005 | 20250917090910.0 | ||
| 008 | 240228b ||||| |||| 00| 0 eng d | ||
| 040 | _c0 | ||
| 082 | _aDPer 621.317 Ie21 June 2022 v. 37 n. 6 | ||
| 100 |
_aChen, Yenan. _eauthor. _953681 |
||
| 245 |
_aVirtual intermediate bus CPU voltage regulator / _cYenan Chen, Ping Wang, Hsin Cheng, Gregory Szczeszynski, Stephen Allen, David M. Giuliano, and Minjie Chen. |
||
| 260 |
_aNew York ; _bThe Institute of Electrical and Electronics Engineers, Inc. , _cJune 2022. |
||
| 300 |
_aVolume 37, pages 6883-6898 : _billustration ; _c29 cm. |
||
| 500 | _aIEEE Transactions on Power Electronics, vol. 37, no. 6, pages 6883-6898, June 2022. | ||
| 700 |
_aChen, Yenan. _eauthor. _953681 |
||
| 700 |
_aWang, Ping. _eauthor. _953682 |
||
| 700 |
_aCheng, Hsin. _eauthor. _953683 |
||
| 700 |
_aSzczeszynski, Gregory. _eauthor. _953684 |
||
| 700 |
_aAllen, Stephen. _eauthor. _953685 |
||
| 700 |
_aGiuliano, David M. _eauthor. _953686 |
||
| 700 |
_aChen, Minjie. _eauthor. _953687 |
||
| 942 |
_2ddc _cPER |
||
| 999 |
_c19436 _d19436 |
||